Która aktorka grała w tych filmach? - Statystyki

Ogólne statystyki
  • Ten quiz został rozwiązany 105 razy
  • Średni wynik to 7 z 15
Statystyki odpowiedzi
Hint Odpowiedź % Poprawnych
Przerwana lekcja muzyki | Pan i Pani Smith | Lara Croft: Tomb Raider Angelina Jolie
94%
Titanik | Lektor | Zakochany bez pamięci Kate Winslet
85%
Czarny łabędź | Leon zawodowiec | V jak Vendetta Natalie Portman
83%
Kontakt | Taksówkarz | Milczenie owiec Jodie Foster
58%
Jak zostać królem | Alicja w krainie czarów | Miłość i śmierć w Wenecji Helena Bonham Carter
49%
Blue Jasmine | Władca pierścieni | Aviator Cate Blanchett
47%
Mad Max: Na drodze gniewu | Królewna Śnieżka i Łowca | Monster Charlize Theron
46%
Pokój z widokiem | Gosford Park | Harry Potter Maggie Smith
40%
Rozważna i romantyczna | Powrót do Howards End | To właśnie miłość Emma Thompson
37%
Casino Royale | Królestwo niebieskie | Marzyciele Eva Green
35%
Constantine | Musimy porozmawiać o Kevinie | Doktor Strange Tilda Swinton
31%
Fatalne zauroczenie | Niebezpieczne związki | Układy Glenn Close
29%
Z archiwum X: Pokonać przyszłość | Świat zabawy | Samotnia Gillian Anderson
26%
Syreny | Edward Nożycoręki | Czarny łabędź Winona Rider
19%
Tootsie | Błękit nieba | Pociąg zwany pożądaniem Jessica Lange
17%
Nie znaleziono quizów pasujących do podanych kryteriów
Rozkład punktacji
Procent ludzi z każdym wynikiem
Percentyl według liczby udzielonych odpowiedzi
Twoja historia wyników
Nie rozwiązałeś tego quizu